Riconosci il Pokémon - Quiz n°593 - Statistics

Statistiche generali
  • Questo quiz è stato fatto 1 volte
  • Il punteggio medio è 10 su 10
Statistiche sulle risposte
Indizio Riposta % Corretto
Altezza 2,4 m
100%
Peso 282,8 kg
100%
Tasso di cattura 30 (8.8%)
100%
Sesso 50% ♂, 50% ♀
100%
Tasso di allevamento Lento
100%
Abilità Parafulmine; Solidroccia; Temerarietà
100%
Generazione Quarta
100%
Pokémon Rhyperior
100%
Stadio evoluzione Seconda evoluzione
100%
Tipo Terra / Roccia
100%
Nessun quiz corrispondente trovato
Distribuzione punteggi
Percentuale di utenti per punteggio
Percentile per numero di risposta
I tuoi punteggi nel tempo
Non hai fatto questo quiz